000
00253 a2200085 4500
100
1
_a
Steinbach, D..
_e
Autor
245
0
_a
IC-Datenbuch, TTL, CMOS, Linear /
_c
Steinbach D..
710
2
_a
Hofacker.
_e
Wydawca
_4
pbl
260
_a
Muenchen :
_b
Hofacker,
_c
1978.
300
_a
109 s.;
_c
24 cm.
999
_c
12792
_d
12792